{"text_format":"3","workbook":"xlsx","n_sheets":1,"sheets":["Sheet1"],"read":"whole","date_system":"1900"}

{"sheet":"Sheet1","index":0,"n_rows":12,"n_cols":8,"rows_kept":12,"merged":[[0,0,0,8],[11,0,11,5],[11,6,11,7]]}
["2024-2025(2)动物工程系第二批实训耗材采购清单-活体动物"]
["序号","耗材名称","耗材规格","单位","数量","参考单价（元）","单项控制价（元）","分类"]
[1,"非免疫公鸡","2Kg左右健康公鸡","只",100,60,{"$f":"E3*F3","v":6000},"活体"]
[2,"公狗","20kg以上体重","条",15,300,4500,"活体"]
[3,"母鸡","1.5kg，母鸡","只",80,50,4000,"活体"]
[4,"家兔","2.5公斤/只","只",20,90,1800,"活体"]
[5,"母狗","20kg/条","条",3,300,900,"活体"]
[6,"牛肉",null,"kg",6,80,480,"活体"]
[7,"猪胃",null,"个",40,50,2000,"活体"]
[8,"猪小肠",null,"副",12,50,600,"活体"]
[9,"带皮肉",null,"kg",10,40,400,"活体"]
["控制价（元）：",{"$nulls":5},{"$f":"SUM(G3:G11)","v":20680}]